Представление документа в формате RUSMARC

ПолеНазваниеЗначение
  Тип записи a
  Библиографический уровень m
001 Контрольный номер RU/CBS_UL/BASE/a81abea61ef94cffb206fbf51c0509bc
005 Дата корректировки 20250303111025.8
010 Индекс ISBN __
d Цена 1 р. 30 к.
9 Тираж 50 000 экз.
100 Данные общей обработки __
a Данные общей обработки 20250303d 0rusy0189## ca
101 Язык документа 0_
a Язык текста rus
102 Страна публикации __
a Страна публикации RU
200 Заглавие и сведения об ответственности 1_
a Заглавие Поэты Западной Африки
e Сведения, относящиеся к заглавию [сборник]
e Сведения, относящиеся к заглавию пер. с англ., португ., фр.
g Последующие сведения об ответственности сост. А. Власова [и др.]
g Последующие сведения об ответственности худож. Г. К. Пондопуло
210 Выходные данные 1_
a Место издания Москва
c Издательство Молодая гвардия
d Дата издания 1983
215 Физическое описание __
a Объем 255 с.
d Формат 17 см.
c Иллюстрации/тип воспроизводства ил.
300 Общие примечания __
a Общие примечания К XXV годовщине Ташкентской встречи стран Азии и Африки
300 Общие примечания __
a Общие примечания Авт.: А. Нетто, А. Абреу, А. Жасинто А. Лара, А. Кардазо, Ф. Кошта Андраде, А. Сантос, Э. Герра, М. Руй Монтейро, Ж. Роша [и др.]
300 Общие примечания __
a Общие примечания Под инв. номером 7138: Ц-1
300 Общие примечания __
a Общие примечания 12+
606 Тематические рубрики 0_
a Основная рубрика Африканская литература, 20 в. - Поэзия
610 Ключевые слова 0_
a Ключевые слова поэзия африканская; сборники стихотворений; поэзия прогрессивная
686 Индексы других классификаций __
2 Код системы rubbk
a Классификационный индекс 84(6Афр)
801 Источник записи _0
a Страна RU
b Организация МБУК ЦБС г. Ульяновска
c Дата составления 20250303
g Правила каталогизации RCR
801 Источник записи _1
a Страна RU
b Организация МБУК ЦБС г. Ульяновска
c Дата составления 20250303
g Правила каталогизации RCR
852 Данные о местонахождении __
i Авторский знак П 67
j Шифр хранения И(Афр)
901 Тип документа __
t Тип документа m
909 Создатель записи __
a Создатель записи obr2
b Дата создания записи 20250303